000
00329nam a2200133Ia 4500
005
20251222144728.0
008
251222s9999||||xx |||||||||||||| ||spa||
020
_a
978-9972-223-85-3
082
_a
303.625/C38
100
_a
Cavassa, Ernesto
245
0
_a
Mirara con Ojos Nuevos:
264
_b
Fondo Editorial UARM
942
_c
LIB
999
_c
18493
_d
18493